MARC

LEADER 00000nam0a2200000 4500
001 303994
005 20231102001646.0
035 |a (RuTPU)RU\TPU\book\329229 
090 |a 303994 
100 |a 20150908d1983 km y0rusy50 ca 
101 0 |a rus 
102 |a RU 
105 |a a z 001zy 
200 1 |a Аппаратура контроля, сигнализации и связи для подъемных установок  |f М. А. Стороженко, А. Ф. Кирей, А. К. Маслий 
210 |a Москва  |c Недра  |d 1983 
215 |a 64 с.  |c ил. 
225 1 |a Библиотека электрослесаря горных предприятий 
320 |a Библиогр.: с. 64 
606 1 |a Рудничные подъемные установки  |x Эксплуатация  |2 stltpush  |3 (RuTPU)RU\TPU\subj\25857  |9 49914 
610 1 |a контрольная аппаратура 
610 1 |a связь 
610 1 |a сигнализация 
610 1 |a радиоизотопная аппаратура 
610 1 |a защита 
610 1 |a бесконтактная аппаратура 
610 1 |a стволовая сигнализация 
610 1 |a шахтная связь 
675 |a 622.673.1  |v 4 
700 1 |a Стороженко  |b М. А.  |g Михатл Андреевич 
701 1 |a Кирей  |b А. Ф.  |g Александр Федорович 
701 1 |a Маслий  |b А. К.  |g Алексей Кириллович 
801 1 |a RU  |b 63413507  |c 20150908 
801 2 |a RU  |b 63413507  |c 20190426  |g RCR 
942 |c BK